000 00414nam a2200169Ia 4500
003 LK-CoDNM
008 010623t1981 xxu||||| |||| 00| 1 eng d
040 _aLK-CoDNM
_dLK-CoDNM
_eLK-CoDNM
041 _aeng
080 _a820-1
_bSAG
100 _aSamarraie, Majid Al
245 _aHameed Sa'eed poems
260 _bMinistry of information and culture
300 _b88, 22 cm
650 _aPoems
942 _cBK
999 _c111740
_d111740